Paroles Bling-Bling de Vaiana - Statistiques

Statistiques générales
  • Ce quiz a été pris 141 fois
    139 depuis la dernière actualisation
  • Le résultat moyen est 229 sur 333
Statistiques - réponses
Réponse % Correct
a
98%
à
98%
m'
98%
t'
97%
je
94%
ma
94%
n'
94%
d'
93%
de
93%
l'
90%
ta
90%
et
89%
crabe
88%
il
88%
on
88%
pas
88%
la
87%
87%
petit
86%
briller
85%
au
84%
le
84%
avait
83%
un
83%
ai
82%
ce
82%
en
82%
charme
81%
était
81%
qu'un
81%
triste
81%
Tamatoa
80%
autant
79%
non
79%
peu
79%
que
78%
te
78%
tu
78%
art
77%
des
77%
suis
77%
comme
76%
mais
76%
ne
76%
abandonné
74%
mes
74%
qui
74%
bling
73%
peux
73%
ton
73%
tous
73%
ces
72%
Maui
72%
est
71%
mon
71%
bien
70%
larmes
70%
m'appelle
70%
coeur
69%
moi
69%
par
69%
trésor
69%
artiste
68%
c'est
68%
sécher
68%
enfin
67%
plus
67%
dieu
66%
66%
mieux
66%
une
66%
as
65%
ils
65%
menteurs
65%
pirate
65%
du
64%
être
64%
grand-mère
64%
j'ai
64%
mode
64%
toi
64%
demi
63%
petite
63%
pour
63%
son
63%
trois
63%
vaut
63%
voix
63%
même
62%
mots
62%
rien
62%
vie
62%
dit
61%
héritier
61%
humains
61%
les
61%
mer
61%
tient
61%
vérité
61%
voir
61%
amour
60%
elle
60%
tout
60%
servi
59%
tatouages
59%
amer
57%
apparence
57%
cherches
57%
intérieure
57%
jusqu'à
57%
ont
57%
pauvre
57%
seras
57%
utile
57%
beau
56%
décapode
56%
modèle
56%
supporte
56%
tes
56%
vrai
56%
adoré
55%
brillant
55%
fruits
55%
mal
55%
mini
55%
oeuvre
55%
oui
55%
personnes
55%
sens
55%
tiens
55%
vers
55%
diamant
54%
fièr
54%
force
54%
frotter
54%
perles
54%
rêves
54%
chance
53%
collier
53%
loin
53%
n'écoute
53%
performance
53%
semi
53%
sont
53%
viennent
53%
appétissant
52%
devorer
52%
intemporelle
52%
j'aime
52%
l'océan
52%
milieu
52%
armure
51%
étincelant
51%
nacrées
51%
navrant
51%
tournent
51%
vieux
51%
affreuse
50%
faire
50%
oh
50%
parce
50%
sauver
50%
seul
50%
trêve
50%
vais
50%
encore
49%
nous
49%
part
49%
vas
49%
ami
48%
désolé
48%
douleur
48%
sert
48%
âge
47%
agile
47%
peut
47%
réclame
47%
vois
47%
connu
46%
demi-dieu
46%
deux
46%
fait
46%
cherchant
45%
combat
45%
scintiller
45%
effrayant
44%
informe
44%
laid
44%
raviver
44%
résistant
44%
aïe
41%
attendez
41%
raisonnable
40%
regarde
40%
sois
39%
géant
38%
invincible
38%
celui
36%
admirez
31%
hm
26%
maintenant
21%
aujourd'hui
12%
Aucun quiz correspondant
Distribution des résultats
% des personnes avec chaque résultat
Percentile par nombre de réponses
Votre historique - résultats
Vous n’avez pas pris ce quiz depuis la dernière actualisation